| 000 | 00498nam a22001577a 4500 | ||
|---|---|---|---|
| 005 | 20180807141254.0 | ||
| 020 |
_a8174451943 _c00.00 |
||
| 035 | _aB-92592, B-092591, B-092594 | ||
| 037 |
_aDPL _bENG |
||
| 100 | _aJoshi, G.V. | ||
| 245 |
_aRural-urban migration and rural employment in India / _cby G.V. Joshi and Norbert Lobo |
||
| 260 |
_aNew Delhi _bMohit Publications _c2003 |
||
| 300 |
_av, 180p. _c20 cms. |
||
| 700 |
_aLobo, Norbert _945558 |
||
| 942 |
_2ddc _cEN _h307.2 _mJOS |
||
| 999 |
_c65416 _d65416 |
||